| 000 | 01112nam0a2200289 4500 | ||
|---|---|---|---|
| 001 | RU\NLR\bibl\522626 | ||
| 005 | 20250609145235.0 | ||
| 010 |
_a5-89677-072-3 _93000 |
||
| 035 | _a(NLR Aleph) 000515021 | ||
| 090 |
_a1257238 _c1257238 |
||
| 100 | _a20040521d2003 |||y0rusy50 ca | ||
| 101 | 0 | _arus | |
| 102 | _aRU | ||
| 105 | _aa ||||||||| | ||
| 200 | 1 |
_aОстеопороз _e[Как восстановить и сохранить прочность костей] _fА.Н. Окороков, Н.П. Базеко |
|
| 210 |
_aМ. _cМед. лит _d2003 |
||
| 215 |
_a108 с. _cил. _d17 |
||
| 225 | 1 |
_aСерия "Вам поставили диагноз..." _fРедкол.: А.Н. Окороков и др. |
|
| 606 | 0 |
_aОстеопороз _xТерапия _92294766 _3RU\NLR\auth\661374148 |
|
| 686 | _aР418.110.409.0-5 | ||
| 700 | 1 |
_aОкороков _bА. Н. _gАлександр Николаевич _4070 |
|
| 701 | 1 |
_aБазеко _bН. П. _gНаталья Павловна _4070 |
|
| 801 | 0 |
_aRU _bNLR _c20040521 _gPSBO |
|
| 801 | 1 |
_aRU _bNLR _c20040521 |
|
| 942 | _cBOOK | ||
| 980 | _aNB | ||